000 00441nam a22001457a 4500
020 _qPB.
040 _cFIZZA ISHAQ
082 _a362.410
_bKUR
100 _a Kurson , Robert.
_9134085
245 _aCrashing Through: A True Story of Risk, Adventure, and the Man Who Dared to See /
_c Robert Kurson.
250 _a1st ED.
260 _aNew York:
_bRandom House,
_c2007.
300 _a306 P. ;
_c 6.33 x 1.08 x 9.53 inches
942 _2ddc
_cBK
999 _c617017
_d617017